| 000 | 00907pam a2200253 a 4500 | ||
|---|---|---|---|
| 001 | 014513564 | ||
| 003 | Uk | ||
| 005 | 20090604090017.0 | ||
| 008 | 080204s2009 nyua b 001 0 eng d | ||
| 020 | _a0324583885 | ||
| 020 | _a9780324583885 | ||
| 082 | 0 | 4 |
_a330.1 _222 _bUND |
| 245 | 0 | 0 |
_aUnderstanding Economics / _cRussell S. Sobel ... [et al]. |
| 250 | _aInternational ed., 12th ed. | ||
| 260 |
_aMason, Ohio : _bSouth-Western ; _aLondon : _bCengage Learning [distributor], _cc2009. |
||
| 300 |
_axxix, 802 p. : _bcol. ill. ; _c28 cm. |
||
| 500 | _aPrevious ed.: 2007. | ||
| 504 | _aIncludes bibliographical references and index. | ||
| 650 | 0 |
_aEconomics. _930204 |
|
| 653 |
_bEco _cJune2012 |
||
| 700 | 1 |
_aSobel, Russell S. _930205 |
|
| 942 |
_2ddc _cBB |
||
| 999 |
_c16789 _d16789 |
||